000 00794cab a2200241 4500
001 ABS58123
008 090401t1998 xxu||||| |||| 00| 0 eng d
035 _a(Sirsi) u83481
041 _aeng
100 _aHemsley, A.
245 _aContractor design problems
260 _c1998
350 _a0
490 _aBuilding
_v273(8023) 23 January 1998, 39(1)
520 _aAdvices on the design responsibility of contractors in the JCT1980 family of contracts.
650 _aCONTRACTORS
650 _aDESIGN RESPONSIBILITY
650 _aBUILT ENVIRONMENT-BUILDING CONTRACT FORMS-STANDARD FORMS OF BUILDING CONTRACT-JOINT CONTRACTS TRIBNUAL CONTRACTS
650 _aPERFORMANCE SPECIFIED WORK
690 _aBUILT ENVIRONMENT-BUILDING CONTRACT FORMS
942 _n0
948 _c02/02/1998
999 _c52728
_d52728